|
|
|
|
| LEADER |
00865nam a22002171 4500 |
| 001 |
c000345263 |
| 003 |
CARM |
| 005 |
00000000000000.0 |
| 008 |
851003s1967 ii 0 eng d |
| 019 |
1 |
|
|a 3962731
|5 LACONCORD2021
|
| 035 |
|
|
|a (OCoLC)216893585
|5 LACONCORD2021
|
| 100 |
1 |
|
|a Sharma, Surya P.
|q (Surya Prakash)
|
| 245 |
1 |
4 |
|a The India-China border dispute :
|b an Indian perspective.
|
| 260 |
|
|
|a New Delhi :
|b Ministry of External Affairs,,
|c 1967.
|
| 300 |
|
|
|a 36pp.
|
| 500 |
|
|
|a Reprinted from the American Journal of International Law, Jan. 1965.
|
| 650 |
|
0 |
|a Sino-Indian Border Dispute, 1957-
|
| 852 |
8 |
|
|b CARM
|h A1:AO14C0
|i F02456
|p 0401169
|f BK
|
| 082 |
0 |
4 |
|a 327.51054
|
| 999 |
f |
f |
|i 4027e2f9-781e-5643-ab41-95ec618a0884
|s d7ce437c-3247-59e3-8399-c268e343696c
|
| 952 |
f |
f |
|p Can circulate
|a CAVAL
|b CAVAL
|c CAVAL
|d CARM 1 Store
|e F02456
|f A1:AO14C0
|h Other scheme
|i book
|m 0401169
|